000 00851nam a2200241Ia 4500
003 OSt
005 20220926033919.0
006 a|||||r|||| 00| 0
007 ta
008 220923b |||||||| |||| 00| 0 eng d
037 _cGeneral Book
040 _aRTL
_cRTL
_beng
041 _2eng
_aeng
082 _aX:77.461, L6/UN
110 _aUnited Nations Industrial Development Organisation. Industrial Development Organisation
_9339743
245 0 _aComparative study of development plans of Arab Sta
260 _aVienna
_bUnited Nations Industrial Development
_c1976
300 _a268p.
_ccm.
650 _aEconomic Development
_917300
700 _aUnited Nations Industrial Development Organisation. Industrial Development Organisation
_9339744
942 _hX:77.461, L6/UN
_cGB
_2CC
999 _c658292
_d658292